000 00219nam a2200097Ia 4500
005 20251222114345.0
008 251222s1900||||xx |||||||||||||| ||spa||
082 _aDVD0092/B45/2006
245 0 _aCristo Moreno:
942 _cDVD
999 _c1006
_d1006